Los fichajes más caros del fútbol - Defensas centrales - 2013-2014 - Estadísticas

Estadísticas generales
  • Esta prueba ha sido intentada 25 veces
  • La puntuación promedio es 5 de 13
Estadísticas de respuestas
Coste (M €) Nacionalidad Último club Nuevo club Jugador % Correcto
31,40 Brasil AS Roma PSG Marquinhos
100%
13,00 Chile Sevilla FC Cardiff Gary Medel
55%
12,00 España Real Madrid Nápoles Raúl Albiol
55%
10,00 Colombia Villarreal CF AC Milan Cristián Zapata
45%
19,00 Francia PSG Liverpool Mamadou Sakho
41%
13,50 Marruecos Udinese AS Roma Medhi Benatia
41%
11,60 República del Congo QPR Anzhi Christopher Samba
36%
10,00 República del Congo Anzhi Dinamo Moscú Christopher Samba
36%
10,00 Croacia Lyon Southampton Dejan Lovren
36%
14,60 Francia Saint-Étienne Chelsea Kurt Zouma
32%
15,00 Italia Torino Juventus Angelo Ogbonna
14%
10,00 Austria FC Basilea Dinamo de Kiev Aleksandar Dragovic
9%
10,00 República Checa Genoa U19 Milan U19 Stefan Simic
5%
No se encontraron pruebas coincidentes
Distribución de puntuación
Porcentaje de gente con cada puntuación
Porcentaje por número respondido
Historial de tus puntuaciones
No has intentado esta prueba.